Vražedné starožitnosti /
Nejnovější knížka Mario Hanáčka tentokrát v žánru KRIMI. Dramatický příběh z prostředí obchodu se starožitnostmi nás zavádí na zajímavá místa Karlovarska až po Slovensko. Napínavý detektivní román je plný drsného humoru a tajemství ukrytých ve starých exponátech. Rafinované vražedné prostředky a int...
Uloženo v:
| Hlavní autor: | |
|---|---|
| Médium: | E-kniha |
| Jazyk: | Czech |
| Vydáno: |
Praha :
E-knihy jedou,
2026
|
| Tagy: |
Žádné tagy |
| LEADER | 01358nam a22002297i 4500 | ||
|---|---|---|---|
| 001 | 297596 | ||
| 007 | ta | ||
| 008 | 260416s2026 xr ||||| |||| 00| 0 cze d | ||
| 020 | |a 9990004262225 | ||
| 044 | |a xr | ||
| 100 | 1 | |a Hanáček, Mario |4 aut | |
| 245 | 1 | 0 | |a Vražedné starožitnosti / |c Hanáček, Mario |
| 264 | 1 | |a Praha : |b E-knihy jedou, |c 2026 | |
| 300 | |a 1 online zdroj (162 stran) | ||
| 336 | |a text |b txt |2 rdacontent | ||
| 337 | |a bez média |b n |2 rdamedia | ||
| 338 | |a online zdroj |b cr |2 rdacarrier | ||
| 520 | 2 | |a Nejnovější knížka Mario Hanáčka tentokrát v žánru KRIMI. Dramatický příběh z prostředí obchodu se starožitnostmi nás zavádí na zajímavá místa Karlovarska až po Slovensko. Napínavý detektivní román je plný drsného humoru a tajemství ukrytých ve starých exponátech. Rafinované vražedné prostředky a intriky nutí hlavní hrdiny být neustále ve střehu. Nechybí ani romantika a překvapivé vyústění příběhu. | |
| 910 | |a RBIT002 | ||
| 998 | |d 426222 |a https://core.palmknihy.cz/api/books/426222/cover?tdhqpf |b https://core.palmknihy.cz/api/books/426222/cover/400?tdhqpf |c https://core.palmknihy.cz/api/books/426222/cover/50?tdhqpf |e |g 162 |i 9990004262225 |k https://core.palmknihy.cz/api/books/426222/preview.pdf |l |q 49 |r 1 |s https://www.palmknihy.cz/kniha/426222 |t ebook |y 2026 |z 1 | ||
| 999 | |d 297594 | ||